Länder-Logical #2 - Statistiken

Allgemein
  • Dieses Quiz wurde 163 mal gespielt
  • Das Durchschnittsergebnis liegt bei 5 aus 8
Antwortstatistiken
Antwort % Korrekt
Kanada
91%
China
80%
Brasilien
73%
Indien
53%
Australien
49%
Russland
46%
Vereinigte Staaten
42%
Argentinien
32%
Keine übereinstimmenden Quizze gefunden
Verteilung der Resultate
Anzahl Personen mit jedem Resultat
Perzentil nach korrekt beantworteten Fragen
Ihre Resultats-Entwicklung
Sie haben dieses Quiz noch nicht gespielt